000 00897cad a22002175a 4500
001 E148121
008 090731s2009 xxkad f s 000 0 eng d
035 _a(Sirsi) u148121
041 0 _aeng
050 0 4 _a333.33 $2 18
110 2 _aLambert Smith Hampton
_92865
245 0 0 _aUKIT quarterly bulletin 2009 Q2
_h[electronic resource]
260 _a[S.l.]
_bLSH
_c2009
490 0 _aUK Investment Transactions (UKIT)
_vSecond Quarter 2009
520 _aReports that overseas investors made the highest proportion of investment market purchases in Q2 2009, due to the drop in UK real estate values and the rise of the Euro and Dollar against the Pound.
590 _aKA NTK
651 4 _aUnited Kingdom
_y
690 _aPROPERTY-COMMERCIAL PROPERTY-COMMERCIAL PROPERTY FINANCE AND INVESTMENT
856 4 0 _uhttps://www.lsh.co.uk/
_zView the item free of charge at www.lsh.co.uk...
942 _n0
999 _c109891
_d109891